Noviolencia y transformación social /

Guardat en:
Dades bibliogràfiques
Autor principal: Ortega, Pere (autor)
Altres autors: Pozo Marín, Alejandro (autor) (autor)
Format: Llibre
Idioma:espanyol
Publicat: Barcelona, España : Icaria, 2005, c2005
Col·lecció:(Más Madera ; 48)
Matèries:
Etiquetes: Afegir etiqueta
Sense etiquetes, Sigues el primer a etiquetar aquest registre!

MARC

LEADER 00000nam^a2200000^a^4500
001 000192854
005 20250521000000.0
009 20260310102623.108
020 |a 84-7426-811-7 
037 |a Acervo ITESO - Biblioteca 
041 |a ESP 
082 |a 303. 61  |b ORT 
100 |a Ortega, Pere  |e (autor) 
245 1 0 |a Noviolencia y transformación social /  |c P. Ortega, A. Pozo Marín. 
264 4 |a Barcelona, España :  |b Icaria,  |c 2005, c2005 
300 |a 131 p. 
336 |a texto  |b txt  |2 rdacontenido 
337 |a sin mediación  |b n  |2 rdamedio 
338 |a volumen  |b nc  |2 rdasoporte 
440 1 |a (Más Madera ;  |v 48) 
649 |a XX 
650 |a Altermundistas 
650 |a Gobernantes y Gobernados 
650 |a Sociedad Civil 
650 |a Objeción de Conciencia 
650 |a No Violencia -  |x Tema Principal 
650 |a Pacifismo 
650 |a Resistencia Civil 
650 |a Movimientos Políticos 
650 |a Movimientos Sociales 
650 |a Guerra y Paz 
650 |a Violencia Política 
650 |a Cambios Sociales y Culturales 
650 |a Política Internacional -  |x Historia -  |y 1990-1999 
650 |a Política Internacional -  |x Historia -  |y Siglo XX 
650 |a Política Internacional -  |x Historia -  |y 2000-2009 
650 |a Política Internacional -  |x Historia -  |y Siglo XXI 
700 |a Pozo Marín, Alejandro  |e (autor) 
910 |a Fondo General 
920 |a Impresos - Libros 
930 |a Colección General 
905 |a 101 
901 |a 0500136987  |b IT1  |c ACC  |u 20250521 
902 |a https://opac.biblio.iteso.mx/vufind/Record/000192854